L'altra Cuba : la realtà cubana e l'opposizione democratica dentro Cuba : seminario nazionale dei Democratici di Sinistra, Torino, 26 maggio 2003 /

সংরক্ষণ করুন:
গ্রন্থ-পঞ্জীর বিবরন
সংস্থা লেখক: Democratici di sinistra
অন্যান্য লেখক: Fassino, Piero (ভূমিকা রচয়িতা, ইত্যাদি)
বিন্যাস: গ্রন্থ
ভাষা:ইতালিয়
প্রকাশিত: [Roma : Internazionale, 2003]
বিষয়গুলি:
ট্যাগগুলো: ট্যাগ যুক্ত করুন
কোনো ট্যাগ নেই, প্রথমজন হিসাবে ট্যাগ করুন!

MARC

LEADER 00000nam a22000007i 4500
001 IT\ICCU\UBO\2256385
003 ItRI
005 20241224101531.0
008 030725s2003 it |||||| ||||| |||||c
040 |b ita  |c ARCIGAY RIMINI 
041 7 |a ita  |2 ISO-639-2 
082 |a 324.27291075  |2 19 
082 |a 972.91064  |2 21 
245 0 2 |a L'altra Cuba :  |b la realtà cubana e l'opposizione democratica dentro Cuba : seminario nazionale dei Democratici di Sinistra, Torino, 26 maggio 2003 /  |c prefazione di Piero Fassino. 
260 |a [Roma :  |b Internazionale,  |c 2003] 
300 |a 106 p. ;  |c 19 cm 
500 |a Suppl. al n. 498 del 25 luglio 2003 
650 7 |a Cuba  |x 1990-2003  |2 scbi 
700 1 |a Fassino, Piero  |0 IT\ICCU\CFIV\105667  |4 aui 
710 2 |a Democratici di sinistra  |0 IT\ICCU\IEIV\050201 
772 0 |w IT\ICCU\RAV\0228989  |t Internazionale 
942 |2 ddc  |c BK 
952 |0 0  |1 0  |2 ddc  |4 0  |6 324_272000000000000_FAS_ALT  |7 1  |9 2316  |a RN  |b RN  |d 2024-12-24  |l 0  |o 324.272 FAS ALT  |p 9769  |r 2024-12-24 10:16:04  |w 2024-12-24  |y BK 
981 1 |6 z01  |a i   |b xxxe  
982 1 |6 z01  |a n 
999 |c 2025  |d 2025